000 00452nam a22001577a 4500
999 _c3436
_d3436
003 URS
005 20220114142511.0
008 191121s1998 ph a|||| |||| 00| 0 eng d
040 _cURS
_beng
_drda
050 1 4 _aDS 668
_b.K1913 1998
100 _aCasal,Gabriel S.
245 1 4 _aThe earliest filipino volume two
_cGabriel S. Casal
260 _bAsia Publishing Company Limited;
_c[1998]
300 _a303 pages
_bwith illustrations
_c26 cm
942 _2lcc
_cREF